[Event "Katowice rapid op"]
[Site "Katowice"]
[Date "2025.05.31"]
[Round "4"]
[White "Obrochta, Lena"]
[Black "Piatek, Rafal"]
[Result "1-0"]
[WhiteElo "1765"]
[BlackElo "1566"]
[PlyCount "76"]
[EventDate "2025.05.31"]
[EventType "swiss"]
[EventRounds "11"]
[EventCountry "POL"]
[SourceTitle "CB24_2025"]
[SourceDate "2025.06.11"]
[SourceVersion "1"]
[SourceVersionDate "2025.06.11"]
[SourceQuality "1"]

1. e4 c5 2. Nf3 Nc6 3. d4 cxd4 4. Nxd4 d6 5. Nc3 a6 6. Be2 g6 7. Be3 Bg7 8. Nb3 Nf6 9. f3 Qc7 10. Qd2 b5 11. g4 Bb7 12. 0-0-0 Rd8 13. h4 b4 14. Nd5 Nxd5 15. exd5 Ne5 16. Qxb4 Rc8 17. c3 h5 18. g5 0-0 19. Kb1 Ra8 20. f4 Nd7 21. f5 a5 22. Qa4 Nc5 23. Nxc5 dxc5 24. fxg6 fxg6 25. Qe4 Qd6 26. Bc4 a4 27. a3 Bc8 28. Ka2 Rb8 29. Qc2 Qb6 30. d6+ Kh7 31. dxe7 Re8 32. Bf7 Be6+ 33. Bxe6 Qxe6+ 34. Ka1 Qxe3 35. Rhe1 Qf4 36. Re4 Qf5 37. Qe2 Qf7 38. Rf1 Rb3 1-0

[Event "Katowice rapid op"]
[Site "Katowice"]
[Date "2025.05.31"]
[Round "9"]
[White "Piatek, Rafal"]
[Black "Sokalla, Tomasz"]
[Result "0-1"]
[WhiteElo "1566"]
[BlackElo "1728"]
[PlyCount "74"]
[EventDate "2025.05.31"]
[EventType "swiss"]
[EventRounds "11"]
[EventCountry "POL"]
[SourceTitle "CB24_2025"]
[SourceDate "2025.06.11"]
[SourceVersion "1"]
[SourceVersionDate "2025.06.11"]
[SourceQuality "1"]

1. e4 c5 2. Nf3 d6 3. d4 cxd4 4. Nxd4 Nf6 5. f3 a6 6. Be3 e5 7. Nb3 Be6 8. Nc3 Be7 9. Nd5 Bxd5 10. exd5 Nbd7 11. Be2 b5 12. 0-0 Nb6 13. Bxb6 Qxb6+ 14. Kh1 0-0 15. c4 bxc4 16. Bxc4 Rfc8 17. Rc1 a5 18. Qe2 a4 19. Nd2 Qxb2 20. Rb1 Qd4 21. Rb7 Bd8 22. Rfb1 Ba5 23. Bd3 Nxd5 24. Ne4 Nf4 25. Qf2 Nxd3 26. Qxd4 exd4 27. Nxd6 Rc1+ 28. Rxc1 Nxc1 29. Nxf7 d3 30. Rd7 d2 31. Kg1 Ne2+ 32. Kf2 Nc3 33. Rxd2 Ne4+ 34. fxe4 Bxd2 35. Ne5 Bc3 36. Nc4 Rc8 37. Nb6 Bd4+ 0-1